000 00270nam a2200097Ia 4500
001 800633
005 20250826171023.0
008 250824s9999 xx 000 0 und d
245 0 _aKAFADAN YUMURTA ÖZEL YETENEKSİZMİYİM?
_cYUSUF ASAL
260 _bUĞUR BÖCEĞİ YAYINLARI
999 _c800633
_d800633